Paroles - Ta reine - Angèle - Statistiques

Statistiques générales
  • Ce quiz a été pris 302 fois
  • Le résultat moyen est 228 sur 270
Statistiques - réponses
Réponse % Correct
tu
100%
reine
99%
ta
99%
ce
98%
ces
98%
que
98%
pas
97%
c'est
96%
qu'elle
96%
soit
96%
Mais
95%
soir
95%
voudrais
95%
de
94%
elle
94%
la
94%
Si
94%
si
94%
accepté
92%
deux
92%
le
92%
trop
92%
Même
91%
se
91%
reines
90%
comment
88%
seulement
87%
Toi
87%
les
86%
pour
86%
savait
86%
regardais
83%
rois
83%
t'en
83%
fous
82%
serait
82%
c'qui
80%
un
80%
lui
77%
t'plaît
77%
une
77%
fille
74%
qui
74%
effrayée
73%
Il
72%
plus
72%
pourrait
72%
Et
69%
t'es
69%
l'imaginais
68%
temps
68%
du
67%
je
67%
laisse
66%
peu
66%
pourrais
66%
tellement
66%
donner
65%
Moi
65%
tous
65%
préjugés
64%
l'aimer
63%
sûr
63%
t'âbimer
63%
vous
63%
oublier
62%
tout
62%
bien
60%
faudra
60%
histoires
60%
aux
59%
chance
59%
crois
59%
retrouver
59%
terminer
56%
jour
55%
ne
54%
parfois
54%
peuvent
54%
qu'un
51%
encore
50%
l'envisageais
50%
autres
49%
l'amour
48%
peut-être
47%
t'aime
47%
verra
47%
croient
46%
aussi
44%
auxquelles
44%
fort
43%
pense
42%
acceptera
25%
Aucun quiz correspondant
Distribution des résultats
% des personnes avec chaque résultat
Percentile par nombre de réponses
Votre historique - résultats
Vous n’avez pas pris ce quiz